La máquina del tiempo /
Guardado en:
| Autor Principal: | |
|---|---|
| Formato: | Libro |
| Publicado: |
Buenos Aires :
Cántaro,
2005
|
| Etiquetas: |
Agregar Etiqueta
Sin Etiquetas, Sea el primero en etiquetar este registro!
|
| LEADER | 00447nam a22001575a 4500 | ||
|---|---|---|---|
| 001 | CEM.cems018656 | ||
| 005 | 20190219155510.0 | ||
| 008 | 130507s2005##################000#0#####d | ||
| 003 | CEMS | ||
| 020 | |a 9507531297 | ||
| 082 | 0 | 4 | |a 823.9 |
| 100 | 1 | |a Wells, Herert George | |
| 245 | 1 | 0 | |a La máquina del tiempo / |c Herbert George Wells |
| 260 | |a Buenos Aires : |b Cántaro, |c 2005 | ||
| 300 | |a 186 p. | ||
| 859 | |a CEMS |b BIB. CEMS - Agricultura |h 823.9 |i W402 |p A3150.18 |t Ej.1 | ||
